| 000 | 00524 a2200181 4500 | ||
|---|---|---|---|
| 020 | _a9780205075942 | ||
| 022 | _a9780205075942 | ||
| 082 | _a320 | ||
| 100 |
_aRoskin,Michael G _9126902 |
||
| 245 |
_aPolitical Science . _bAn Introduction. _cMichael G.Roskin |
||
| 250 | _a12th. | ||
| 260 |
_aNew York. _bLongman. _c2012. |
||
| 300 | _a383p. | ||
| 500 | _aPaper cover | ||
| 650 | _2NLS2024, NLSTEXTBOOKS, NLSEBOOKBANK | ||
| 856 | _uhttp://10.250.8.41:8080/xmlui/handle/123456789/47913 | ||
| 942 |
_anbs _cBK _k320 ROS _2ddc |
||
| 999 |
_c348982 _d348982 |
||